| 000 | 00728nam a22002177a 4500 | ||
|---|---|---|---|
| 005 | 20141029151934.0 | ||
| 010 | _aB-535610-619 | ||
| 020 |
_a9788175413771 _c220.00 |
||
| 035 | _aB-535610-619 | ||
| 037 | _bUBH/Ven | ||
| 082 | _a370.954 | ||
| 100 | _aGupta S. | ||
| 245 |
_aEducation in emerging India / _cby S.Gupta |
||
| 250 | _a2nd ed. | ||
| 260 |
_a Delhi _bShipra Publications _c2011 |
||
| 270 |
_aLG-18-19, Pankaj Central Market, Patparganj, I.P.Ext. _bDelhi _e110092 |
||
| 300 |
_avi,264p. _c23cm(Hb) |
||
| 500 | _aIncludes bibliographical references and index | ||
| 942 |
_2ddc _cEN _h370.954 _mGUP |
||
| 999 |
_c89721 _d89721 |
||